Take notes of property-linked variety this year (Record no. 83733)
[ view plain ]
| 000 -LEADER | |
|---|---|
| fixed length control field | 00976cab a22001935a 4500 |
| 001 - CONTROL NUMBER | |
| control field | L154881 |
| 008 - FIXED-LENGTH DATA ELEMENTS--GENERAL INFORMATION | |
| fixed length control field | 120130e20120127xxk 000 0 eng d |
| 035 ## - SYSTEM CONTROL NUMBER | |
| System control number | (Sirsi) u154881 |
| 041 0# - LANGUAGE CODE | |
| Language code of text/sound track or separate title | eng |
| 100 1# - MAIN ENTRY--PERSONAL NAME | |
| Personal name | Ljubic, Philip |
| 245 00 - TITLE STATEMENT | |
| Title | Take notes of property-linked variety this year |
| 260 ## - PUBLICATION, DISTRIBUTION, ETC. | |
| Date of publication, distribution, etc. | 2012 |
| 490 #0 - SERIES STATEMENT | |
| Series statement | Property Week |
| Volume/sequential designation | 78(04) 27 January 2012, 36(1) |
| 520 ## - SUMMARY, ETC. | |
| Summary, etc. | 2012 commercial property returns for the UK will be much lower than in 2011 as a consequence of tough retail conditions, the eurozone debacle and further employment contraction in the banking industry. A consensus among industry experts suggests a negative year for capital values. Property-linked notes are currently cheaper than UK unlisted property funds by at least 1.75%. Graphs show negativity hitting implied UK returns, and balanced funds underperforming IPD All Property index. |
| 590 ## - LOCAL NOTE (RLIN) | |
| Local note | KA |
| 651 #4 - SUBJECT ADDED ENTRY--GEOGRAPHIC NAME | |
| Geographic name | United Kingdom |
| Chronological subdivision | |
| 690 ## - LOCAL SUBJECT ADDED ENTRY--TOPICAL TERM (OCLC, RLIN) | |
| Topical term or geographic name as entry element | Commercial property |
| 9 (RLIN) | 6227 |
| 942 ## - ADDED ENTRY ELEMENTS (KOHA) | |
| Suppress in OPAC | 0 |
| Withdrawn status | Lost status | Source of classification or shelving scheme | Damaged status | Not for loan | Home library | Current library | Shelving location | Date acquired | Total Checkouts | Full call number | Barcode | Date last seen | Copy number | Price effective from | Koha item type |
|---|---|---|---|---|---|---|---|---|---|---|---|---|---|---|---|
| Dewey Decimal Classification | Virtual | Virtual | Journal article | 30/01/2012 | L154881 | 154881-2001 | 06/08/2019 | 1 | 06/08/2019 | Journal article |